| 000 | 01637cam a2200349 a 4500 | ||
|---|---|---|---|
| 999 |
_c28253 _d28224 |
||
| 001 | 1165375 | ||
| 003 | EG-ScBUE | ||
| 005 | 20200307134852.0 | ||
| 008 | 961213t1997 enka f b 001 0 eng d | ||
| 020 | _a0863802168 (Research Studies Press : hc : alk. paper) | ||
| 020 | _a0471975044 (Wiley : hc : alk. paper) | ||
| 040 |
_aDLC _beng _erda _cDLC _dDLC _dEG-ScBUE |
||
| 082 | 0 | 0 |
_a620.43 _bHUG _222 |
| 100 | 1 |
_aHughes, J. F. _q(John Farrell), _d1943- _eauthor. |
|
| 245 | 1 | 0 |
_aElectrostatic particle charging : _bindustrial and health care applications / _cJ. F. Hughes, Bioelectrostatics Research Centre, University of Southampton, UK. |
| 264 | 1 |
_aTaunton, Somerset, England : _bResearch Studies Press ; _aNew York : _bJone Wiley & Sons Inc., _c[1997] |
|
| 264 | 4 | _cc1997 | |
| 300 |
_axiii, 170 pages : _billustrations ; _c24 cm. |
||
| 336 |
_2rdacontent _atext _btxt |
||
| 337 |
_2rdamedia _aunmediated _bn |
||
| 338 |
_2rdacarrier _avolume _bnc |
||
| 490 | 0 |
_aElectronic & electrical engineering research studies. _aElectrostatics and electrostatic applications series ; _v14 |
|
| 504 | _aIncludes bibliographical references and index. | ||
| 650 | 7 |
_aElectrostatics _xIndustrial applications. _2BUEsh _933202 |
|
| 653 |
_bGGEN _cMarch2020 |
||
| 655 |
_vReading book _934232 |
||
| 856 | 4 | 2 |
_3Publisher description _uhttp://www.loc.gov/catdir/enhancements/fy0745/96053495-d.html |
| 906 |
_a7 _bcbc _corignew _d1 _eocip _f19 _gy-gencatlg |
||
| 942 |
_2ddc _cBB |
||